zpět

Detail výsledku týmu

Třiadvacítka, Mělník

Datum a čas kvízu

26 Celkem bodů Celkový počet nahraných bodů na tomto kvízu bez doplňovacích otázek.
6. Pořadí na kvízu Konečné umístění týmu na tomto kvízu.

Zaznamenané odpovědi

# Otázka Odpověď Body Výsledky
1. Jistý poslanec za SPD minulý t... Radek Koten 0
2. Minulý týden se stala hitem so... Slovensko, ministerstvo kultury 0
3. Jak se nazývá německý zámek, j... Moritzburg 0
4. Minulý týden vydal Český stati... A 1
5. Který norský sportovec získal... Johannes Bö 1
6. Obec s nejdelším názvem v Česk... A 1
7. Česká republika hraničí se čty... 1B 2C 3D 4A 1
8. Nejníže položené sídlo v České... Hřensko 1
9. V této otázce bude potřeba k z... 1D 2A 3C 4B 1
10. V České republice jsou čtyři ú... NP Šumava 1